00756nam a2200217 4500003000900000005001700009008003700026020001500063040002800078082001100106100002600117245007500143260005700218300002200275700002500297942001200322945003800334952011100372956003800483999001700521DO-SdBNP20171128122420.0171128b2000 xxu ||| |||| 00| 0 spa d a0536598126 aDO-SdBNPbspacDO-SdBNP 4axxbxx aLankevich, George L.  aThe modern World e history / cGeorge L. Lankevich, Andrea Finkelstein aEstados Unidos :bPearson Custom Publishing, c2000 a435 p. ;c26 cm.  aFinkelstein, Andrea  2ddccBK aInventariado extranjero / 2017 VM 00102ddc40708CGaBPMETbBPMETd2017-11-28eFUNDI l0oxx xxpBPMSU17110495r2017-11-28w2017-11-28yBK aVMATEOb10c20171128dBPMSUf0069 c13167d13167